| 000 | 01216nam0a22002891 4500 | ||
|---|---|---|---|
| 001 | rc\4771601 | ||
| 005 | 20250613080927.0 | ||
| 021 |
_aRU _b[62-87755] |
||
| 035 | _a(NLR Aleph) 009023564 | ||
| 090 |
_a9443776 _c9443776 |
||
| 100 | _a20130417d1962 |||y0rusy50 ca | ||
| 101 | 0 | _arus | |
| 102 | _aRU | ||
| 105 | _ay z ||||| | ||
| 200 | 1 | _aПересмотр судебных решений и определений по гражданским делам президиумами судов | |
| 210 |
_aМосква _cГосюриздат _d1962 |
||
| 215 |
_a167 с. _d20 |
||
| 300 | _aНа обл. загл.: Пересмотр решений и определений по гражданским делам президиумами судов | ||
| 512 | 0 | _aПересмотр решений и определений по гражданским делам президиумами судов | |
| 606 |
_aСудебные решения _xПересмотр _2psbo |
||
| 606 |
_aСудебный надзор _2psbo |
||
| 700 | 1 |
_aМосквин _bС.С. _gСергей Сергеевич |
|
| 801 | 0 |
_aRU _bNLR _gpsbo |
|
| 801 | 1 |
_aRU _bELAR _2rusmarc |
|
| 852 |
_aNLR _j63-3/188 |
||
| 942 | _cBOOK | ||
| 980 | _aNB | ||